00474nam a2200133 4500001000700000003000900007005001700016008004100033100002700074245007700101260005000178300002200228852009000250166485ES-MaACL20230906213338.0950302s1887 sp f |||| | spa d1 aTorres Campos, Manuel.10aElementos de derecho internacional privado / cpor Manuel Torres Campos. aMadrid : bLibrería de Fernando Fe, c1887. a218 p. ; c19 cm.4 aES-MaACLjF-12182 z- Enc. pasta española z- Dedicatoria autógrafa del autor